Statistics for UEFA Euro 2020 Host Countries

Click here to take the quiz!

General Stats

  • This quiz has been taken 68 times
  • The average score is 10 of 12

Answer Stats

Country % Correct
Germany
97%
Spain
97%
Netherlands
94%
United Kingdom
94%
Italy
92%
Belgium
89%
Ireland
88%
Denmark
86%
Russia
86%
Romania
72%
Hungary
72%
Azerbaijan
59%

Score Distribution

Percentile by Number Answered

Percent of People with Each Score

Your Score History

You have not taken this quiz